00000000cam 2200000zi 4500
0019.955559
003CaOODSP
00520260529075258
006m     o  d f      
007cr cn ||||||||
008250922s2025    oncad   ob   f000 0 eng d
020 |a9780660790565
040 |aCaOODSP|beng|erda|cCaOODSP
043 |an-cn---
0861 |aNR24-136/2025E-PDF
1001 |aRodger, Jennifer, |eauthor.
24510|aEvaluating travel distance provisions in the National Building Code of Canada : |bhistory, assumptions, current practices, and recommendations for future directions / |cwritten by Jennifer Rodger.
264 1|a[Ottawa] : |bNational Research Council Canada = Conseil national de recherches Canada, |c[2025]
300 |a1 online resource (163 pages) : |billustrations, graphs
336 |atext|btxt|2rdacontent
337 |acomputer|bc|2rdamedia
338 |aonline resource|bcr|2rdacarrier
504 |aIncludes bibliographical references (pages 47-53).
520 |a"Commissioned under the National Research Council of Canada (NRC), this report reviews how the National Building Code of Canada (NBC) 2020 Part 3 travel distance provisions (Sentence 3.4.2.5.(1), maximum allowable distance to an exit in an emergency and related egress rules) are currently applied, what assumptions underlie them, and where clarifications would improve consistent use. The report does not evaluate enforcement or maintenance practices, expand definitions, or propose code text; priority is to clarify existing provisions and identify research needs to help inform potential future technical work by the relevant committees"--Executive summary, page 6.
650 0|aBuilding laws|zCanada.
650 0|aBuildings|xSpecifications|xStandards|zCanada|xEvaluation.
650 0|aBuildings|xEvacuation|xGovernment policy|zCanada.
650 6|aConstruction|xDroit|zCanada|vCodes.
650 6|aConstructions|xSpécifications|xNormes|zCanada|xÉvaluation.
650 6|aConstructions|xÉvacuation|xPolitique gouvernementale|zCanada.
7102 |aNational Research Council Canada, |eissuing body.
85640|qPDF|s6.01 MB|uhttps://publications.gc.ca/collections/collection_2026/cnrc-nrc/NR24-136-2025-eng.pdf
986 |a25-0045707-CRV-35876